000 01116cam a2200229 4500
001 ABS63395
008 000000n2000 000 0 eng u
035 _a(Sirsi) u110535
100 _aCole, R.
245 _aBuilding environmental assessment methods: assessing construction practices
260 _c2000
490 _aConstruction Management and Economics
_v18(8) December 2000, 949-957(9)
520 _aIdentifies ecological loadings, human health impacts and resource use as the key environmental issues associated with building construction and how they are represented in building environmental assessment methods. Concludes that, despite the difficulties of assessing them, management practices should be included in these assessment methods in order to improve the relationship between building design and operation. References.
590 _aABS
650 _aCONSTRUCTION PROCESS
650 _aENVIRONMENTAL ASSESSMENT
650 _aENVIRONMENTAL MANAGEMENT SYSTEMS
650 _aHEALTH
650 _aSUSTAINABLE CONSTRUCTION
690 _aBUILDING AND CONSTRUCTION-SUSTAINABLE
942 _n0
999 _c65890
_d65890